000 00362nam a22001217a 4500
008 180522b xxu||||| |||| 00| 0 eng d
041 _aeng
080 _a043.3
100 _a0
101 _aSHP-BTH
245 _aRoli i mesazhit të BE-së në qëndrimet e njerëzve ndaj të drejtave të minoriteteve etnike: Rasti i Shqipërisë
_cKonjufca,D
942 _2udc
_cBK
999 _c46239
_d46239